Integrated Formal Methods Third International Conference, IFM 2002, Turku, Finland, May 15-18, 2002. Proceedings. /

The third in a series of international conferences on Integrated Formal Methods, IFM 2002, was held in Turku, Finland, May 15-17, 2002. Turku, situated in the south western corner of the country, is the former capital of Finland. The ? conference was organized jointly by Abo Akademi University and T...

Πλήρης περιγραφή

Λεπτομέρειες βιβλιογραφικής εγγραφής
Συγγραφή απο Οργανισμό/Αρχή: SpringerLink (Online service)
Άλλοι συγγραφείς: Butler, Michael (Επιμελητής έκδοσης, http://id.loc.gov/vocabulary/relators/edt), Petre, Luigia (Επιμελητής έκδοσης, http://id.loc.gov/vocabulary/relators/edt), Sere, Kaisa (Επιμελητής έκδοσης, http://id.loc.gov/vocabulary/relators/edt)
Μορφή: Ηλεκτρονική πηγή Ηλ. βιβλίο
Γλώσσα:English
Έκδοση: Berlin, Heidelberg : Springer Berlin Heidelberg : Imprint: Springer, 2002.
Έκδοση:1st ed. 2002.
Σειρά:Lecture Notes in Computer Science, 2335
Θέματα:
Διαθέσιμο Online:Full Text via HEAL-Link
LEADER 05898nam a2200613 4500
001 978-3-540-47884-3
003 DE-He213
005 20191028081719.0
007 cr nn 008mamaa
008 121227s2002 gw | s |||| 0|eng d
020 |a 9783540478843  |9 978-3-540-47884-3 
024 7 |a 10.1007/3-540-47884-1  |2 doi 
040 |d GrThAP 
050 4 |a QA76.7-76.73 
050 4 |a QA76.76.C65 
072 7 |a UMX  |2 bicssc 
072 7 |a COM051010  |2 bisacsh 
072 7 |a UMX  |2 thema 
072 7 |a UMC  |2 thema 
082 0 4 |a 005.13  |2 23 
245 1 0 |a Integrated Formal Methods  |h [electronic resource] :  |b Third International Conference, IFM 2002, Turku, Finland, May 15-18, 2002. Proceedings. /  |c edited by Michael Butler, Luigia Petre, Kaisa Sere. 
250 |a 1st ed. 2002. 
264 1 |a Berlin, Heidelberg :  |b Springer Berlin Heidelberg :  |b Imprint: Springer,  |c 2002. 
300 |a X, 401 p.  |b online resource. 
336 |a text  |b txt  |2 rdacontent 
337 |a computer  |b c  |2 rdamedia 
338 |a online resource  |b cr  |2 rdacarrier 
347 |a text file  |b PDF  |2 rda 
490 1 |a Lecture Notes in Computer Science,  |x 0302-9743 ;  |v 2335 
505 0 |a Invited Talk: Eran Gery -- Rhapsody: A Complete Life-Cycle Model-Based Development System -- Integration, Simulation, Animation -- An Integrated Semantics for UML Class, Object and State Diagrams Based on Graph Transformation -- Stochastic Process Algebras Meet Eden -- From Specifcation to Verifcation -- From Implicit Specifications to Explicit Designs in Reactive System Development -- Basic-REAL: Integrated Approach for Design, Specification and Verification of Distributed Systems -- Assume-Guarantee Algorithms for Automatic Detection of Software Failures -- Statecharts and B: Integration and Translation -- Contributions for Modelling UML State-Charts in B -- Translating Statecharts to B -- Invited Talk: Shmuel Katz -- A Framework for Translating Models and Specifications -- Model Checkers and Theorem Provers -- Model Checking Object-Z Using ASM -- Formalization of Cadence SPW Fixed-Point Arithmetic in HOL -- Formally Linking MDG and HOL Based on a Verified MDG System -- Links between Object-Z and CSP -- Refinement in Object-Z and CSP -- Combining Specification Techniques for Processes, Data and Time -- An Integration of Real-Time Object-Z and CSP for Specifying Concurrent Real-Time Systems -- Invited Talk: Stuart Kent -- Model Driven Engineering -- Combining Graphical and Formal Approaches -- The Design of a Tool-Supported Graphical Notation for Timed CSP -- Combining Graphical and Formal Development of Open Distributed Systems -- Translations between Textual Transition Systems and Petri Nets -- Refinement and Proof -- Specification and Proof of Liveness Properties under Fairness Assumptions in B Event Systems -- Minimally and Maximally Abstract Retrenchments. 
520 |a The third in a series of international conferences on Integrated Formal Methods, IFM 2002, was held in Turku, Finland, May 15-17, 2002. Turku, situated in the south western corner of the country, is the former capital of Finland. The ? conference was organized jointly by Abo Akademi University and Turku Centre for Computer Science. The theme of IFM 1999 was the integration of state and behavioral based formalisms. For IFM 2000 this was widened to include all aspects pertaining to the integration of formal methods and formal notations. One of the goals of IFM 2002 was to further investigate these themes. Moreover, IFM 2002 explored the relations between formal methods and graphical notations, especially the industrialstandardlanguageforsoftwaredesign,theUni?edModelingLanguage (UML). The themes of IFM 2002 re?ect what we believe is a growing trend in the Formal Methods and Software Engineering research communities. Over the last threedecades,computerscientistshavedevelopedarangeofformalismsfocusing on particular aspects of behavior or analysis, such as sequential program str- tures,concurrentprogramstructures,dataandinformationstructures,temporal reasoning, deductive proof, and model checking. Much e?ort is now being - voted to integrating these methods in order to combine their advantages and ensure they scale up to industrial needs. Graphical notations are now widely used in software engineering and there is growing recognition of the importance ofprovidingthesewiththeformalunderpinningsandformalanalysiscapabilities found in formal methods. 
650 0 |a Programming languages (Electronic computers). 
650 0 |a Computer logic. 
650 0 |a Computers. 
650 0 |a Software engineering. 
650 0 |a Computer programming. 
650 1 4 |a Programming Languages, Compilers, Interpreters.  |0 http://scigraph.springernature.com/things/product-market-codes/I14037 
650 2 4 |a Logics and Meanings of Programs.  |0 http://scigraph.springernature.com/things/product-market-codes/I1603X 
650 2 4 |a Theory of Computation.  |0 http://scigraph.springernature.com/things/product-market-codes/I16005 
650 2 4 |a Software Engineering.  |0 http://scigraph.springernature.com/things/product-market-codes/I14029 
650 2 4 |a Programming Techniques.  |0 http://scigraph.springernature.com/things/product-market-codes/I14010 
700 1 |a Butler, Michael.  |e editor.  |4 edt  |4 http://id.loc.gov/vocabulary/relators/edt 
700 1 |a Petre, Luigia.  |e editor.  |4 edt  |4 http://id.loc.gov/vocabulary/relators/edt 
700 1 |a Sere, Kaisa.  |e editor.  |4 edt  |4 http://id.loc.gov/vocabulary/relators/edt 
710 2 |a SpringerLink (Online service) 
773 0 |t Springer eBooks 
776 0 8 |i Printed edition:  |z 9783540829812 
776 0 8 |i Printed edition:  |z 9783540437031 
830 0 |a Lecture Notes in Computer Science,  |x 0302-9743 ;  |v 2335 
856 4 0 |u https://doi.org/10.1007/3-540-47884-1  |z Full Text via HEAL-Link 
912 |a ZDB-2-SCS 
912 |a ZDB-2-LNC 
912 |a ZDB-2-BAE 
950 |a Computer Science (Springer-11645)